Central Library OPAC University of Rajshahi

The Trade Marks Act, 1940 (V of 1940) : (Record no. 73157)

MARC details
000 -LEADER
fixed length control field 00652nam a2200205 a 4500
001 - CONTROL NUMBER
control field 73157
003 - CONTROL NUMBER IDENTIFIER
rucl marc code BD-RjUL
005 - DATE AND TIME OF LATEST TRANSACTION
control field 20211209082345.0
008 - FIXED-LENGTH DATA ELEMENTS--GENERAL INFORMATION
fixed length control field 170528s1954 pk l f000 0 eng d
035 ## - SYSTEM CONTROL NUMBER
System control number (BD-RjUL)73375
040 ## - CATALOGING SOURCE
Original cataloging agency VAL
Transcribing agency VAL
Modifying agency DLC
Language of cataloging eng
041 ## - LANGUAGE CODE
Language code of text/sound track or separate title eng
082 ## - DEWEY DECIMAL CLASSIFICATION NUMBER
Edition number 23
Classification number 346.54910488
Author mark and year PAT 1954
110 1# - MAIN ENTRY--CORPORATE NAME
Corporate name or jurisdiction name as entry element Pakistan.
9 (RLIN) 216409
245 14 - TITLE STATEMENT
Title The Trade Marks Act, 1940 (V of 1940) :
Remainder of title (as modified up to the 11th March,1954) /
Statement of responsibility, etc. Pakistan.
260 ## - PUBLICATION, DISTRIBUTION, ETC. (IMPRINT)
Place of publication, distribution, etc. Karachi :
Name of publisher, distributor, etc. Manager of Publications, Govt. of Pakistan,
Date of publication, distribution, etc. 1954
300 ## - PHYSICAL DESCRIPTION
Pagination iv, 39 p. ;
Size 28 cm.
650 #0 - SUBJECT ADDED ENTRY--TOPICAL TERM
Topical term or geographic name as entry element Trademarks
General subdivision Law and legislation
Geographic subdivision Pakistan.
9 (RLIN) 216406
942 ## - ADDED ENTRY ELEMENTS (KOHA)
Source of classification or shelving scheme Dewey Decimal Classification
Koha item type Books
Holdings
Lost status Source of classification or shelving scheme Damaged status Not for loan Collection code Permanent Location Current Location Shelving location Date acquired Source of acquisition Cost, normal purchase price Total Checkouts Full call number Date last seen Copy number Koha item type
  Dewey Decimal Classification   Not For Loan Non-fiction Central Library, University of Rajshahi Central Library, University of Rajshahi Reading Room 30/11/1955 Commercial Pak. 1.80   346.54910488 PAT 1954 28/05/2017 C-1 Books